000 00528nam a2200193Ia 4500
003 LDD
008 181029s9999 xx 000 0 und d
020 _a226572021
_cUS
_16.00
040 _cLDD
100 _aNelson, Julie A
245 0 _aEconomics for humans
_cJulie A Nelson
260 _aLondon
_bUniversity
_c2006
300 _aix, 141p.
365 _bUS
_16.00
901 _a3609
_b02-01-2007
902 _a8678
_b10-02-2007
_cF
_dOP
_e33
903 _aDiscount-10
_bReqst by : Sen, Saugato (Mr.)
942 _2ddc
_cBK
999 _c77880
_d77880